000 00667nam a2200205Ii 4500
001 2654
003 CO-ViMGA
008 241108s9999||||xx |||||||||||||| ||und||
040 _aCO-ViMGA
_bspa
_erda
_cCO-ViMGA
041 0 _aspa
082 0 4 _aFA 467.9867 - A59l
100 1 _aManuel Alvar López
_949952
245 1 0 _aLeticia:
_bEstudios lingüísticos sobre la amazonia colombiana con una monografía etnográfica
264 1 _aBogotá, Colombia : Imprenta Patriótica, 1977
300 _avolumen
336 _atext
_btxt
_2rdacontent
337 _aunmediated
_bn
_2rdamedia
338 _avolume
_bnc
_2rdacarrier
940 _aidficha_siabuc: 2596. -- ficha_no_siabuc:2654
999 _c44630
_d44630